| 000 | 00496nab a2200145Ia 4500 | ||
|---|---|---|---|
| 003 | ES-SlBCS | ||
| 005 | 20210601132852.0 | ||
| 008 | 140529s1963 xxu||||| |||| 00| 0 ita d | ||
| 041 | _aita | ||
| 100 | 1 |
_aBanchetti, Silvestro _9199621 |
|
| 245 | 0 | 0 |
_aL'estetica di Giovanni Gentile tra il romanticismo e l'esistenzialismo _c Silvestro Banchetti |
| 600 | 1 |
_aGentile, Giovanni-Estética _9198736 |
|
| 773 | 0 |
_tGiornali di Metafisica _gvol. 18, nº. 4-5, 1963, págs. 436-462 _w0017-0372 |
|
| 942 | _cAR | ||
| 999 |
_c586933 _d586933 |
||